العلم في معرفة حدود الحرم (النبوي) / (رقم التسجيلة. 75196)

تفاصيل مارك
000 -الفاتح
حقل البيانات ثابتة الطول 00698nam a22001817a 4500
003 - محدد رقم الضبط
رقم الضبط OSt
005 - وقت وتاريخ اخر تعامل مع التسجيلة
رقم الضبط 20181217185322.0
008 - عناصر البيانات ثابتة الطول - معلومات عامة
حقل البيانات ثابتة الطول 181217b 2017su a|||| |||| 00| 0 ara d
040 ## - مصدر الفهرسة
وكالة الفهرسة الأصلية Ma-Un
لغة الفهرسة eng
082 ## - رقم تصنيف ديوى العشرى
رقم الطبعة 21
رقم التصنيف ع إ ع
رقم المادة 953.122
100 ## - المدخل الرئيسى - إسم شخصى
الإسم الشخصى عبيد، إبراهيم أحمد مكي
9 (RLIN) 65059
245 ## - بيان العنوان
العنوان العلم في معرفة حدود الحرم (النبوي) /
بيان المسئوليه,etc تأليف إبراهيم أحمد مكي عبيد.
260 ## - PUBLICATION, DISTRIBUTION, ETC. (IMPRINT)
مكان الناشر او الموزع المدينة المنورة :
اسم الناشر او الموزع مكتبة دار الزمان للنشر والتوزيع،
تاريخ النشر أو التوزيع 2017
-- 1439
300 ## - الوصف المادى
التعداد 67 ص. ؛
أبعاد الوعاء 22 سم.
650 ## - المدخل الاضافى بالموضوع-مصطلح موضوعى
مصطلح موضوعي أو اسم جغرافي كعنصر مدخل المسجد النبوي
9 (RLIN) 65060
650 ## - المدخل الاضافى بالموضوع-مصطلح موضوعى
مصطلح موضوعي أو اسم جغرافي كعنصر مدخل المدينة المنورة
9 (RLIN) 65061
942 ## - عناصر المدخل الإضافي( كوها)
Koha [default] item type كتاب
المقتنيات
حالة الفقد نموذج السعر الفعال حالة تلف ليس للاعارة رقم الطلب تاريخ الاكتساب الموقع الحالي الباركود الفرع الرئيسي Date last seen نوع المادة فى نظام كوها مصدر التصنيف او خطة الترفيف Total Checkouts
  2018-12-17     ع إ ع 953.122 2018-12-17 المكتبة المركزية بالمجمعة (CL) 00800078 المكتبة المركزية بالمجمعة (CL) 2018-12-17 كتاب Dewey Decimal Classification  
  2018-12-17     ع إ ع 953.122 2018-12-17 المكتبة المركزية بالمجمعة (CL) 00800079 المكتبة المركزية بالمجمعة (CL) 2018-12-17 كتاب Dewey Decimal Classification  
  2018-12-17     ع إ ع 953.122 2018-12-17 المكتبة المركزية بالمجمعة (CL) 00800080 المكتبة المركزية بالمجمعة (CL) 2018-12-17 كتاب Dewey Decimal Classification  
  2018-12-17     ع إ ع 953.122 2018-12-17 قسم الاجراءات الفنية (IC) 00800085 قسم الاجراءات الفنية (IC) 2018-12-17 كتاب Dewey Decimal Classification  
  2018-12-17     ع إ ع 953.122 2018-12-17 قسم الاجراءات الفنية (IC) 00800086 قسم الاجراءات الفنية (IC) 2018-12-17 كتاب Dewey Decimal Classification  
  2018-12-17     ع إ ع 953.122 2018-12-17 قسم الاجراءات الفنية (IC) 00800087 قسم الاجراءات الفنية (IC) 2018-12-17 كتاب Dewey Decimal Classification  
  2018-12-17     ع إ ع 953.122 2018-12-17 مكتبة كلية التربية بالزلفى - طالبات (EZF) 00800081 مكتبة كلية التربية بالزلفى - طالبات (EZF) 2018-12-17 كتاب Dewey Decimal Classification  
  2018-12-17     ع إ ع 953.122 2018-12-17 مكتبة كلية التربية بالزلفى - طالبات (EZF) 00800082 مكتبة كلية التربية بالزلفى - طالبات (EZF) 2018-12-17 كتاب Dewey Decimal Classification  
  2018-12-17     ع إ ع 953.122 2018-12-17 مكتبة مجمع الطالبات بالمجمعة (EMF) 00800083 مكتبة مجمع الطالبات بالمجمعة (EMF) 2018-12-17 كتاب Dewey Decimal Classification  
  2018-12-17     ع إ ع 953.122 2018-12-17 مكتبة مجمع الطالبات بالمجمعة (EMF) 00800084 مكتبة مجمع الطالبات بالمجمعة (EMF) 2018-12-17 كتاب Dewey Decimal Classification